| 000 | 00509nam a2200181Ia 4500 | ||
|---|---|---|---|
| 001 | 21378 | ||
| 005 | 20260306172914.0 | ||
| 008 | 260306t2023||||xx |||||||||||||| ||spa|| | ||
| 041 | _aESP | ||
| 082 |
_a344.7 _bV32 |
||
| 100 |
_aVargas Ysla, Roger Renato, _eAUT |
||
| 245 | 0 |
_aDerecho penal policial : _bcuestiones problemáticas sobre la responsabilidad penal y la función policial |
|
| 260 | _c2023 | ||
| 300 |
_a463 páginas : _c25 cm. |
||
| 650 | _aGEN | ||
| 654 | _aCDE | ||
| 942 |
_cLIB _dJUS _fJUS _2ddc _n |
||
| 999 |
_c21378 _d21378 |
||